000
00242nam a2200109Ia 4500
008
231212s1976 xx 000 0 und d
041
_a
eng
082
_a
621.38173
100
_a
Grob
245
_a
Basic Electronis
260
_a
New Delhi
_c
1976
999
_c
957962
_d
957962